2012 FIFA FIFPro World XI - Statistics

General Stats
  • This quiz has been taken 45 times
  • The average score is 9 of 11
Answer Stats
Pos. Club Answer % Correct
FW Real Madrid Cristiano Ronaldo
97%
GK Real Madrid Iker Casillas
97%
FW Barcelona Lionel Messi
97%
MF Barcelona Andres Iniesta
95%
DEF Real Madrid Sergio Ramos
95%
MF Barcelona Xavi
95%
DEF Barcelona Dani Alves
92%
DEF Real Madrid Marcelo
82%
FW Atletico Madrid Radamel Falcao
79%
MF Real Madrid Xabi Alonso
79%
DEF Barcelona Gerard Pique
23%
No matching quizzes found
Score Distribution
Percent of People with Each Score
Percentile by Number Answered
Your Score History
You have not taken this quiz